| 000 | 01082nam a2200301 i 4500 | ||
|---|---|---|---|
| 003 | EG-ScBUE | ||
| 005 | 20230625130449.0 | ||
| 008 | 160728s2016 caua f b 000 0 eng d | ||
| 020 | _a9781615772445 | ||
| 040 |
_aEG-ScBUE _beng _erda _cEG-ScBUE _dEG-ScBUE |
||
| 082 | 0 | 4 |
_222 _a909.097492708312 _bBRE |
| 100 | 1 |
_aBrennan, Christopher L., _eauthor. |
|
| 245 | 1 | 0 |
_aFall of the Arab Spring : _bfrom revolution to destruction / _cChristopher L. Brennan. |
| 250 | _aFirst edition. | ||
| 264 | 1 |
_aSan Diego : _bProgressive, _c2016. |
|
| 300 |
_a2014 pages : _billustrations ; _c24 cm |
||
| 336 |
_2rdacontent _atext _btxt |
||
| 337 |
_2rdamedia _aunmediated _bn |
||
| 338 |
_2rdacarrier _avolume _bnc |
||
| 504 | _aIncludes bibliographical references. | ||
| 650 | 7 |
_aArab Spring, 2010- _2BUEsh _938992 |
|
| 650 | 7 |
_aRevolutions _zArab countries _xHistory _y21st century _2BUEsh _940495 |
|
| 651 | 7 |
_aArab countries _xPolitics and government _y21st century. _2BUEsh _928746 |
|
| 653 |
_bLLAAWW _cJuly2016 |
||
| 655 | _vReading book | ||
| 942 |
_2ddc _cBB |
||
| 999 |
_c22052 _d22024 |
||